01279nam a2200325Ia 4500001001200000003000800012006001900020007001500039008004100054010001700095020004300112040002100155035002100176050002400197082001400221100003500235245007600270260005300346300002400399490004300423504005100466533015200517650002100669650002400690650002300714655002900737710001700766830004400783856012600827ebr10397711CaPaEBRm u cr cn|||||||||100111s2010 njua sb 001 0 eng d z 2009053314 z9780691128290 (hardcover : alk. paper) aCaPaEBRcCaPaEBR a(OCoLC)65626088714aQA188b.F656 2010eb04a519.22221 aForrester, Peterq(Peter John)10aLog-gases and random matricesh[electronic resource] /cP.J. Forrester. aPrinceton :bPrinceton University Press,cc2010. axiv, 791 p. :bill.1 aLondon Mathematical Society monographs aIncludes bibliographical references and index. aElectronic reproduction.bPalo Alto, Calif. :cebrary,d2011.nAvailable via World Wide Web.nAccess may be limited to ebrary affiliated libraries. 0aRandom matrices. 0aJacobi polynomials. 0aIntegral theorems. 7aElectronic books.2local2 aebrary, Inc. 0aLondon Mathematical Society monographs.40uhttp://site.ebrary.com/lib/rucke/Doc?id=10397711zAn electronic book accessible through the World Wide Web; click to view